Eri thoi aha dinbor (Record no. 3318)

MARC details
000 -LEADER
fixed length control field 00540cam a2200205ua 4500
001 - CONTROL NUMBER
control field 3478
005 - DATE AND TIME OF LATEST TRANSACTION
control field 20260515113702.0
008 - FIXED-LENGTH DATA ELEMENTS--GENERAL INFORMATION
fixed length control field 111116n ii |||gr||||Z||||||asm
040 ## - CATALOGING SOURCE
Transcribing agency MAIN
082 ## - DEWEY DECIMAL CLASSIFICATION NUMBER
Classification number 920
100 ## - MAIN ENTRY--PERSONAL NAME
Personal name Goswami, Indira,
Relator term Author.
245 11 - TITLE STATEMENT
Title Eri thoi aha dinbor
Statement of responsibility, etc. by Indira Goswami
250 ## - EDITION STATEMENT
Edition statement 1st.
260 ## - PUBLICATION, DISTRIBUTION, ETC.
Place of publication, distribution, etc. Guwahati:
Name of publisher, distributor, etc. Lawyers Book stall,993.
300 ## - PHYSICAL DESCRIPTION
Extent 323p:
Dimensions 23cm.
653 ## - INDEX TERM--UNCONTROLLED
Uncontrolled term Autobiography
653 ## - INDEX TERM--UNCONTROLLED
Uncontrolled term Autobiography of Eri thoi aha dinbor
700 ## - ADDED ENTRY--PERSONAL NAME
Personal name Khound, Malaya Baruah,
Relator term Editor.,
942 ## - ADDED ENTRY ELEMENTS (KOHA)
Koha item type Books
Holdings
Withdrawn status Lost status Damaged status Not for loan Home library Current library Shelving location Date acquired Total checkouts Full call number Barcode Date last seen Copy number Price effective from Koha item type
        Naharkatiya College Library Naharkatiya College Library General stacks 09/19/2020   920 | GOS 9591 09/19/2020 1 09/19/2020 Books